| 000 | 00542nam a22001697a 4500 | ||
|---|---|---|---|
| 008 | 161019b xxu||||| |||| 00| 0 eng d | ||
| 020 | _a978996672494X | ||
| 050 | _aHF 5415 .T48 2007 | ||
| 100 | _aThuo, J. Kuria | ||
| 245 |
_aPrinciples of Marketing: _ba skill-building approach/ _cJ. Kuria Thuo |
||
| 250 | _a2nd ed. | ||
| 260 |
_aNairobi: _bAcrodile Publishing Limited, _c2007 |
||
| 300 |
_ax, 175p. : _bill. ; _c25cm |
||
| 500 | _aIncludes references. | ||
| 650 | _aMarketing. | ||
| 942 |
_2lcc _cBOOKS _hHF 5415 .T48 2007 _011 |
||
| 999 |
_c15035 _d15035 |
||